000 01902nam a2200397 c 4500
003 BLK
005 20240706005354.0
008 180408b bul|||||r ||||||| ||bul||
010 _aKNG00083386000
020 _a978-954-431-329-6
_bиздат.: Златното пате
040 _aBLK
041 _aBUL
_cBUL
080 _aФренска литература
_b821.133.1
_x-93-34
_z821.133.1-93-34
100 1 _aПеро, Шарл
_eпърви автор
_9363365
700 _aЗлатарева, Галина Йорданова
_d1954
_9363759
700 _aГеоргиев, Галин Николаев
_9368580
700 1 _aКнязева, Светлана Ангелова
_eхудож.
_9367584
700 _aЗлатарева, Галина Йорданова
_d1954
_9363759
139 _aПеро, Шарл
_bП 37
245 1 0 _aСпящата красавица
_cШарл Перо; адапт. Галина Златина; худож. Галин Николаев Георгиев; худож. Светлана Ангелова Князева; * Галина Йорданова Златарева.
257 _aFRA
260 София
_bЗлатното пате
_c2008
300 _a10 с.
_bс цв. ил.
_c22Х24 см
380 _aDX
490 1 _aСтъпка по стъпка
500 _aКор. опис. - Адапт. отбелязана на гърба на кор. ; Галина Златина - псевд. на Галина Йорданова Златарева. - Офс. изд.
653 _aприказки
653 _aлитература за деца
653 _aдетска литература
852 _aЦб 239768
856 4 _qpdf
_u
856 4 _qpdf
_u
942 _cKNG
_n0
_07
944 _aCR
_c21.04.2008
_lCRON CRON
_k
944 _aED
_c06.10.2017
_lф /
_kЛюдмила_Стоянова
999 _c78918
_d78918